[Event "CFriend AP-2004-Q-00001 email"]
[Site "Chessfriend.com"]
[Date "2004.02.04"]
[Round "?"]
[White "Rosso, Pier Andrea"]
[Black "Staven, Pekka"]
[Result "1-0"]
[WhiteElo "2097"]
[BlackElo "1962"]
[PlyCount "67"]
[EventDate "2004.??.??"]
[EventType "tourn (corr)"]
[EventRounds "12"]
[SourceTitle "Corr 2008"]
[Source "ChessBase"]
[SourceDate "2008.06.24"]
[SourceVersion "1"]
[SourceVersionDate "2008.06.24"]
[SourceQuality "1"]

1. Nf3 c5 2. e4 d6 3. Nc3 Nf6 4. d4 cxd4 5. Qxd4 Bd7 6. Be2 h6 7. 0-0 Nc6 8. Qd3 e6 9. Rd1 Be7 10. a3 0-0 11. Bf4 e5 12. Bg3 Qb6 13. Bh4 Be6 14. Bxf6 Bxf6 15. Qb5 Qc5 16. Qxb7 a6 17. Qc7 Rfd8 18. Nd5 a5 19. Ne1 Ra7 20. b4 Rxc7 21. bxc5 Bxd5 22. Rxd5 dxc5 23. Rxd8+ Nxd8 24. Bc4 Rd7 25. c3 Rd2 26. Rb1 Kf8 27. a4 Ke7 28. Kf1 Kd6 29. Rb6+ Ke7 30. Rb5 Nc6 31. Nd3 Kd6 32. Ke1 Rc2 33. Bd5 Bd8 34. Bxc6 1-0

[Event "CFriend AP-2004-Q-00001 email"]
[Site "Chessfriend.com"]
[Date "2004.02.04"]
[Round "?"]
[White "Staven, Pekka"]
[Black "Benko, Bostjan"]
[Result "1/2-1/2"]
[WhiteElo "1962"]
[BlackElo "2192"]
[PlyCount "81"]
[EventDate "2004.??.??"]
[EventType "tourn (corr)"]
[EventRounds "12"]
[SourceTitle "Corr 2008"]
[Source "ChessBase"]
[SourceDate "2008.06.24"]
[SourceVersion "1"]
[SourceVersionDate "2008.06.24"]
[SourceQuality "1"]

1. d4 Nf6 2. c4 g6 3. Nc3 Bg7 4. e4 d6 5. f4 0-0 6. Nf3 c5 7. d5 e6 8. dxe6 fxe6 9. Bd3 Nc6 10. 0-0 Nd4 11. Kh1 Bd7 12. Bd2 Bc6 13. Qe1 a6 14. Rd1 Qd7 15. Qg3 Nxf3 16. Qxf3 b5 17. a3 Qb7 18. Qh3 Rfe8 19. e5 dxe5 20. fxe5 Nd7 21. Be3 Bxe5 22. cxb5 axb5 23. Rd2 Bg7 24. Rf7 Kxf7 25. Qxh7 Nf8 26. Rf2+ Bf3 27. Bxg6+ Nxg6 28. Bh6 Rg8 29. Rxf3+ Qxf3 30. gxf3 Rad8 31. Bxg7 Rxg7 32. Qh5 b4 33. axb4 Ra8 34. Ne4 cxb4 35. Ng5+ Kf6 36. Qh6 e5 37. b3 Rd8 38. Nh7+ Kf7 39. Qc1 Rd4 40. Ng5+ Kf6 41. Ne4+ 1/2-1/2

[Event "CFriend AP-2004-Q-00001 email"]
[Site "Chessfriend.com"]
[Date "2004.02.04"]
[Round "?"]
[White "Staven, Pekka"]
[Black "Kulczycki, Michael"]
[Result "1/2-1/2"]
[WhiteElo "1962"]
[BlackElo "2075"]
[PlyCount "63"]
[EventDate "2004.??.??"]
[EventType "tourn (corr)"]
[EventRounds "12"]
[SourceTitle "Corr 2008"]
[Source "ChessBase"]
[SourceDate "2008.06.24"]
[SourceVersion "1"]
[SourceVersionDate "2008.06.24"]
[SourceQuality "1"]

1. d4 Nf6 2. Bg5 e6 3. e4 h6 4. Bxf6 Qxf6 5. Nc3 Bb4 6. Nf3 d5 7. Bd3 c5 8. 0-0 c4 9. Be2 0-0 10. Qd2 Nc6 11. e5 Qg6 12. b3 f6 13. a3 Bxc3 14. Qxc3 fxe5 15. Nxe5 Nxe5 16. dxe5 b5 17. Rad1 Rf4 18. a4 a6 19. Ra1 Bd7 20. axb5 Bxb5 21. bxc4 Bxc4 22. Bd3 Qg5 23. Rfe1 Rc8 24. Qd2 Rc6 25. g3 Bxd3 26. Qxf4 Qxf4 27. gxf4 Bb5 28. Kg2 Kf7 29. c3 Kg6 30. Re3 Kf5 31. Kg3 Rc4 32. Rf3 1/2-1/2

[Event "CFriend AP-2004-Q-00001 email"]
[Site "Chessfriend.com"]
[Date "2004.02.04"]
[Round "?"]
[White "Zenker, Othmar"]
[Black "Staven, Pekka"]
[Result "1/2-1/2"]
[WhiteElo "2381"]
[BlackElo "1955"]
[PlyCount "54"]
[EventDate "2004.??.??"]
[EventType "tourn (corr)"]
[EventRounds "12"]
[SourceTitle "Corr 2008"]
[Source "ChessBase"]
[SourceDate "2008.06.24"]
[SourceVersion "1"]
[SourceVersionDate "2008.06.24"]
[SourceQuality "1"]

1. e4 e5 2. Nf3 Nc6 3. Nc3 Nf6 4. d4 Bb4 5. Nxe5 Bxc3+ 6. bxc3 Qe7 7. Nxc6 Qxe4+ 8. Qe2 dxc6 9. f3 Qxe2+ 10. Bxe2 Bf5 11. Kd2 0-0-0 12. Bd3 Bg6 13. Re1 Rhe8 14. Ba3 Nd5 15. Bxg6 hxg6 16. g3 b5 17. Bc5 a6 18. h4 Nb6 19. Bxb6 cxb6 20. Re4 Kd7 21. Rae1 Rxe4 22. fxe4 Kd6 23. Kd3 c5 24. Rb1 Rb8 25. Ke3 f6 26. a3 Rb7 27. Kd3 Rb8 1/2-1/2

[Event "CFriend SI-2003-0-00011 email"]
[Site "Chessfriend.com"]
[Date "2003.08.05"]
[Round "?"]
[White "Precerutti, Juan Arturo"]
[Black "Staven, Pekka"]
[Result "1-0"]
[WhiteElo "1798"]
[BlackElo "1958"]
[PlyCount "95"]
[EventDate "2003.08.05"]
[EventType "tourn (corr)"]
[EventRounds "12"]
[SourceTitle "Corr 2008"]
[Source "ChessBase"]
[SourceDate "2008.06.24"]
[SourceVersion "1"]
[SourceVersionDate "2008.06.24"]
[SourceQuality "1"]

1. e4 c5 2. Nf3 Nc6 3. d4 cxd4 4. Nxd4 Nf6 5. Nc3 d6 6. Bg5 Qb6 7. Nb3 e6 8. Bd3 Be7 9. 0-0 0-0 10. Kh1 Bd7 11. a3 a5 12. Be3 Qc7 13. f4 a4 14. Nd2 Rfe8 15. Nb5 Qb8 16. c4 Rc8 17. Rc1 g6 18. Nc3 Nd8 19. f5 Nc6 20. Bg5 Rf8 21. Nxa4 Ne5 22. Nb6 Nxd3 23. Bxf6 Ba4 24. Nxa4 Bxf6 25. Nb6 Nxc1 26. Qxc1 Qd8 27. Nxa8 Qxa8 28. Qc2 b6 29. a4 Qa5 30. b3 gxf5 31. exf5 d5 32. Qd3 Qc5 33. Qe2 Qd6 34. Qh5 dxc4 35. Nxc4 Qd3 36. Qf3 Qxf3 37. gxf3 Bd4 38. Rd1 Rd8 39. fxe6 fxe6 40. b4 Kf7 41. f4 Ke8 42. Kg2 Rd7 43. Rd3 Rg7+ 44. Kf3 Bg1 45. h3 Rd7 46. Rxd7 Kxd7 47. Ke4 Bf2 48. a5 1-0

[Event "CFriend SI-2003-0-00011 email"]
[Site "Chessfriend.com"]
[Date "2003.08.05"]
[Round "?"]
[White "Staven, Pekka"]
[Black "Erkens, Tjeerd"]
[Result "1-0"]
[WhiteElo "1941"]
[BlackElo "1650"]
[PlyCount "73"]
[EventDate "2003.08.05"]
[EventType "tourn (corr)"]
[EventRounds "12"]
[SourceTitle "Corr 2008"]
[Source "ChessBase"]
[SourceDate "2008.06.24"]
[SourceVersion "1"]
[SourceVersionDate "2008.06.24"]
[SourceQuality "1"]

1. b3 Nf6 2. Bb2 d5 3. e3 c5 4. f4 e6 5. Nf3 a6 6. Be2 Nc6 7. 0-0 Bd6 8. Qe1 Qc7 9. Qg3 Bf8 10. d3 Bd7 11. Nbd2 0-0-0 12. Ne5 Be8 13. d4 h5 14. c4 cxd4 15. Nxc6 Bxc6 16. exd4 Bb4 17. Bc3 h4 18. Qe3 Bxc3 19. Qxc3 Kb8 20. c5 h3 21. g3 Ne4 22. Nxe4 dxe4 23. b4 Qd7 24. Rfd1 f5 25. b5 Bxb5 26. Bxb5 axb5 27. Rab1 Qc6 28. Rd2 g5 29. fxg5 e5 30. Rbd1 exd4 31. Rxd4 Rxd4 32. Qxd4 Re8 33. Qd6+ Kc8 34. Rd5 e3 35. Kf1 e2+ 36. Ke1 Rg8 37. g6 1-0

[Event "CFriend SI-2003-0-00011 email"]
[Site "Chessfriend.com"]
[Date "2003.08.05"]
[Round "?"]
[White "Staven, Pekka"]
[Black "Lo, Angus"]
[Result "0-1"]
[WhiteElo "1957"]
[BlackElo "1733"]
[PlyCount "56"]
[EventDate "2003.08.05"]
[EventType "tourn (corr)"]
[EventRounds "12"]
[SourceTitle "Corr 2008"]
[Source "ChessBase"]
[SourceDate "2008.06.24"]
[SourceVersion "1"]
[SourceVersionDate "2008.06.24"]
[SourceQuality "1"]

1. b3 e5 2. Bb2 Nc6 3. e3 Nf6 4. Bb5 e4 5. Ne2 Be7 6. 0-0 0-0 7. f3 exf3 8. Rxf3 a6 9. Bd3 d5 10. a3 Qd6 11. Bf5 Bxf5 12. Rxf5 Rad8 13. Rg5 g6 14. Ng3 Qe6 15. Nf5 Rfe8 16. Nxe7+ Qxe7 17. Rg3 d4 18. exd4 Nxd4 19. Nc3 Qc5 20. Kh1 Nxc2 21. Qxc2 Qf2 22. Rg1 Rxd2 23. Qc1 Rxb2 24. Qd1 Qd2 25. Qf1 Qd4 26. h3 Nh5 27. Rf3 Rxb3 28. Qc1 Qe5 0-1

[Event "CFriend SI-2003-0-00011 email"]
[Site "Chessfriend.com"]
[Date "2003.08.05"]
[Round "?"]
[White "Staven, Pekka"]
[Black "Stadler, Pavel"]
[Result "1-0"]
[WhiteElo "1957"]
[BlackElo "1566"]
[PlyCount "55"]
[EventDate "2003.08.05"]
[EventType "tourn (corr)"]
[EventRounds "12"]
[SourceTitle "Corr 2008"]
[Source "ChessBase"]
[SourceDate "2008.06.24"]
[SourceVersion "1"]
[SourceVersionDate "2008.06.24"]
[SourceQuality "1"]

1. e4 c5 2. Nf3 Nc6 3. d4 cxd4 4. Nxd4 Nf6 5. Nc3 e5 6. Ndb5 d6 7. Bg5 a6 8. Na3 b5 9. Bxf6 gxf6 10. Nd5 f5 11. Bd3 Be6 12. 0-0 Bg7 13. c3 Bxd5 14. exd5 Ne7 15. Qh5 Qd7 16. Rad1 0-0 17. Bb1 a5 18. Nc2 f4 19. Nd4 f5 20. Ne6 Rf6 21. Rfe1 b4 22. c4 Rc8 23. c5 a4 24. c6 Qa7 25. Qe2 Bh6 26. Qb5 Rb8 27. Qc4 Qa5 28. Rxe5 1-0

[Event "CFriend SI-2003-0-00011 email"]
[Site "Chessfriend.com"]
[Date "2003.08.05"]
[Round "?"]
[White "Staven, Pekka"]
[Black "Valdez Aguero, Daniel"]
[Result "1-0"]
[WhiteElo "1957"]
[BlackElo "1803"]
[PlyCount "43"]
[EventDate "2003.08.05"]
[EventType "tourn (corr)"]
[EventRounds "12"]
[SourceTitle "Corr 2008"]
[Source "ChessBase"]
[SourceDate "2008.06.24"]
[SourceVersion "1"]
[SourceVersionDate "2008.06.24"]
[SourceQuality "1"]

1. e4 c6 2. c4 d5 3. exd5 cxd5 4. d4 Nf6 5. Nc3 e6 6. Nf3 Bb4 7. Bd3 dxc4 8. Bxc4 0-0 9. 0-0 b6 10. Re1 Bb7 11. Bd3 Nbd7 12. Bg5 Rc8 13. Rc1 Re8 14. Qe2 Bxc3 15. bxc3 Qc7 16. Bh4 Nh5 17. Ng5 g6 18. Qe3 Bd5 19. Ne4 Qf4 20. Qxf4 Nxf4 21. Ba6 Ra8 22. Bb5 1-0

[Event "IECG CP.2002.P.00010 email"]
[Site "IECG email"]
[Date "2002.10.01"]
[Round "?"]
[White "Staven, Pekka"]
[Black "Slavik, Petr"]
[Result "1/2-1/2"]
[WhiteElo "1978"]
[BlackElo "893"]
[PlyCount "79"]
[EventDate "2002.10.01"]
[EventType "tourn (corr)"]
[EventRounds "6"]
[EventCountry "JPN"]
[SourceTitle "Corr 2008"]
[Source "ChessBase"]
[SourceDate "2008.06.24"]
[SourceVersion "1"]
[SourceVersionDate "2008.06.24"]
[SourceQuality "1"]

1. b3 e5 2. Bb2 Nc6 3. e3 g6 4. f4 Bg7 5. Nf3 d6 6. Bb5 Nge7 7. 0-0 0-0 8. Qe1 Bf5 9. e4 Bg4 10. fxe5 Bxf3 11. Rxf3 Nxe5 12. Bxe5 Bxe5 13. c3 f5 14. d4 Bg7 15. Nd2 c6 16. Bd3 Qd7 17. exf5 Nxf5 18. Rd1 Rae8 19. Qf2 b5 20. a4 a6 21. Re1 Rxe1+ 22. Qxe1 b4 23. Bxf5 gxf5 24. cxb4 Bxd4+ 25. Kh1 Bg7 26. Qe2 Qc8 27. Qd3 d5 28. Rf1 Qb7 29. Nf3 Qxb4 30. Qxa6 Qc3 31. Qb7 d4 32. a5 Qxa5 33. Qxc6 Kh8 34. Ng5 Bf6 35. Ne6 Rb8 36. Qd6 Qb6 37. Qf4 Re8 38. Ng5 Bxg5 39. Qxg5 Qe6 40. b4 1/2-1/2

[Event "IECG TE.2001.P.00814 email"]
[Site "IECG email"]
[Date "2001.10.05"]
[Round "?"]
[White "Pott, Brian"]
[Black "Staven, Pekka"]
[Result "1/2-1/2"]
[WhiteElo "1286"]
[BlackElo "1940"]
[PlyCount "100"]
[EventDate "2001.10.05"]
[EventType "tourn (corr)"]
[EventRounds "12"]
[SourceTitle "Corr 2008"]
[Source "ChessBase"]
[SourceDate "2008.06.24"]
[SourceVersion "1"]
[SourceVersionDate "2008.06.24"]
[SourceQuality "1"]

1. e4 d6 2. d4 Nf6 3. Nc3 g6 4. Nf3 Bg7 5. Be3 0-0 6. Qd2 Bg4 7. Ng5 c6 8. f3 Bc8 9. h4 h6 10. Nh3 h5 11. Ng5 b5 12. a3 Nbd7 13. g4 hxg4 14. fxg4 Nxg4 15. h5 Nxe3 16. Qxe3 gxh5 17. Rxh5 e5 18. d5 Nf6 19. Rh4 cxd5 20. Nxd5 Ng4 21. Qd2 Bh6 22. Rxh6 Nxh6 23. Bxb5 Rb8 24. 0-0-0 Ng4 25. Bc4 Kg7 26. Rg1 Rh8 27. Be2 Rh2 28. Nf3 Rh6 29. Nd4 exd4 30. Bxg4 Bxg4 31. Rxg4+ Kh7 32. Rg1 Qe8 33. Qf2 Qe6 34. b3 d3 35. Qxa7 Qe5 36. Qxf7+ Kh8 37. c3 Rh7 38. Qf3 Rh2 39. a4 Rg8 40. Rxg8+ Kxg8 41. Qxd3 Qg5+ 42. Ne3 Qg1+ 43. Nd1 Qg5+ 44. Kb1 Qg2 45. Qc4+ Kf8 46. Qc8+ Ke7 47. Qc7+ Ke6 48. Qc8+ Ke7 49. Qc7+ Ke6 50. Qc8+ Ke7 1/2-1/2

[Event "IECG L1.2001.0.00019 email"]
[Site "IECG email"]
[Date "2001.01.10"]
[Round "?"]
[White "Dutra Neto, Alfredo Carlos S"]
[Black "Staven, Pekka"]
[Result "1/2-1/2"]
[WhiteElo "1972"]
[BlackElo "1981"]
[PlyCount "63"]
[EventDate "2001.01.10"]
[EventType "tourn (corr)"]
[EventRounds "12"]
[SourceTitle "Corr 2008"]
[Source "ChessBase"]
[SourceDate "2008.06.24"]
[SourceVersion "1"]
[SourceVersionDate "2008.06.24"]
[SourceQuality "1"]

1. e4 c5 2. Nf3 Nc6 3. d4 cxd4 4. Nxd4 Nf6 5. Nc3 e5 6. Ndb5 d6 7. Bg5 a6 8. Na3 b5 9. Bxf6 gxf6 10. Nd5 f5 11. exf5 Bxf5 12. c3 Bg7 13. Nc2 Be6 14. a4 0-0 15. axb5 axb5 16. Rxa8 Qxa8 17. Bxb5 Nd4 18. Ne7+ Kh8 19. cxd4 Qxg2 20. Rf1 exd4 21. Qe2 Qg5 22. Nc6 Qc1+ 23. Qd1 Qxb2 24. N6xd4 Rc8 25. f4 Bf5 26. Rf2 Rc5 27. Nxf5 Bc3+ 28. Kf1 Qxb5+ 29. Re2 Rxf5 30. Qxd6 Qb1+ 31. Ne1 Qb4 32. Qxb4 1/2-1/2

[Event "IECG L1.2001.0.00019 email"]
[Site "IECG email"]
[Date "2001.01.10"]
[Round "?"]
[White "Staven, Pekka"]
[Black "Draba, Henryk"]
[Result "1-0"]
[WhiteElo "1981"]
[BlackElo "2185"]
[PlyCount "107"]
[EventDate "2001.01.10"]
[EventType "tourn (corr)"]
[EventRounds "12"]
[SourceTitle "Corr 2008"]
[Source "ChessBase"]
[SourceDate "2008.06.24"]
[SourceVersion "1"]
[SourceVersionDate "2008.06.24"]
[SourceQuality "1"]

1. b3 e5 2. Bb2 Nc6 3. e3 d5 4. Bb5 Bd6 5. c4 dxc4 6. bxc4 Bd7 7. Nf3 Nf6 8. d3 0-0 9. 0-0 Re8 10. Nc3 a6 11. Ba4 Nb4 12. Bc2 Bg4 13. Bb1 Qd7 14. a3 Nc6 15. Bc2 Bh5 16. Ba4 Bc5 17. Qe2 Rad8 18. Rad1 Qe6 19. h3 Bb6 20. Ba1 Ba5 21. Nb1 Rb8 22. Nbd2 b5 23. cxb5 axb5 24. Bb3 Qe7 25. Bb2 Red8 26. Rc1 Rd6 27. Rfd1 Rb6 28. Ne4 Nxe4 29. dxe4 b4 30. a4 h6 31. g4 Bg6 32. Nd2 Qh4 33. Kg2 Qd8 34. f3 Qe8 35. Bd5 Ne7 36. Nc4 Nxd5 37. exd5 e4 38. f4 Qa8 39. f5 Bh7 40. Qd2 Ra6 41. Nxd6 Rxd6 42. Qd4 f6 43. Qxe4 Kh8 44. Qc4 Bg8 45. e4 c6 46. Rd3 cxd5 47. Qc8 Qa7 48. e5 fxe5 49. Bxe5 Qe7 50. Re1 Qd8 51. Qxd8 Rxd8 52. Bd4 Rd7 53. Re8 Bd8 54. Rb3 1-0

[Event "IECG Q1.1999.0.00070"]
[Site "IECG email"]
[Date "1999.02.20"]
[Round "?"]
[White "Clark, Mark J"]
[Black "Staven, Pekka"]
[Result "1/2-1/2"]
[WhiteElo "2140"]
[BlackElo "1988"]
[PlyCount "62"]
[EventDate "1999.02.20"]
[EventType "tourn (corr)"]
[EventRounds "6"]
[SourceTitle "Corr 2008"]
[Source "ChessBase"]
[SourceDate "2008.06.24"]
[SourceVersion "1"]
[SourceVersionDate "2008.06.24"]
[SourceQuality "1"]

1. e4 c5 2. Nc3 Nc6 3. g3 Nf6 4. Bg2 d5 5. Nxd5 Nxd5 6. exd5 Nb4 7. d3 Nxd5 8. Nh3 e6 9. 0-0 Bd6 10. Ng5 0-0 11. Re1 Rb8 12. Bd2 b6 13. Ne4 Be7 14. a3 Bb7 15. Qe2 Qd7 16. Rad1 Nf6 17. Bc3 Nd5 18. Be5 Rbd8 19. c4 f6 20. cxd5 exd5 21. Bxf6 Bxf6 22. Nxf6+ Rxf6 23. d4 Qf5 24. f4 Rf7 25. Rd2 Kf8 26. dxc5 bxc5 27. Qb5 Rc7 28. Rde2 Qc8 29. Re6 d4 30. Qd3 Bxg2 31. Qxh7 Bd5 1/2-1/2

[Event "IECG CP.1997.P.00004"]
[Site "IECG email"]
[Date "1997.??.??"]
[Round "?"]
[White "Staven, Pekka"]
[Black "Ralls, Richard Nelson"]
[Result "1-0"]
[WhiteElo "1965"]
[BlackElo "2076"]
[PlyCount "63"]
[EventDate "1997.10.27"]
[EventType "tourn (corr)"]
[EventRounds "8"]
[SourceTitle "Corr 2008"]
[Source "ChessBase"]
[SourceDate "2008.06.24"]
[SourceVersion "1"]
[SourceVersionDate "2008.06.24"]
[SourceQuality "1"]

1. e4 e5 2. Nf3 Nc6 3. Bb5 Bc5 4. c3 Nf6 5. 0-0 0-0 6. d4 Bb6 7. Bg5 h6 8. Bh4 d6 9. a4 a5 10. Re1 Bg4 11. Bxc6 bxc6 12. dxe5 dxe5 13. Qxd8 Raxd8 14. Nxe5 g5 15. Bg3 Nxe4 16. Nxg4 f5 17. Na3 Nxg3 18. Nxh6+ Kg7 19. Nc4 Nh5 20. Re6 Nf4 21. Rxc6 Ng6 22. b4 axb4 23. a5 Bxa5 24. g4 Kxh6 25. Rxa5 bxc3 26. Raa6 Rd1+ 27. Kg2 c2 28. Rxg6+ Kh7 29. Rh6+ Kg7 30. Rag6+ Kf7 31. Ne5+ Ke8 32. Ra6 1-0